00920ntm a22002417a 450000500170000000800410001704000280005808200170008610000250010324500990012826000100022730000410023750001590027859000100043765000390044765300230048665500090050970000250051877700090054394200080055299900170056095201010057720170813145734.0170802s2014 xx a frb 000 0 eng d aEG-ScBUEbengcEG-ScBUE04222a624bFAH1 aEl-Fahmy, Abdallah.10aFuzzy pattern identifier for a mdof system under earthquake exciatation / cAbdallah El-Fahmy. c2014. axvii, 81 p. :bill. (col.) ;c28 cm. aA dissertation submitted to the Faculty of engineering, the British University in Egypt, in the requirements for the bachelor degree in civil engineering. amanar 72BUEshvProjectsaCivil Engineering bENGCIVcAugust2017 vSPRO1 ethsaHassan, Maguid. ASPRO 2ddc c25380d25352 00102ddc4070aMAINbMAINc2NDd2017-08-09l0o624 FAHp000046723r2025-07-15 00:00:00yPROJST